| 000 | 00591nam a22001697a 4500 | ||
|---|---|---|---|
| 003 | NUST | ||
| 038 | _aNusrat Nadeem | ||
| 082 | _a200 | ||
| 100 |
_aRaza, Aima _9126235 |
||
| 245 |
_aAurat March in the Digital Age: Exploring the Intersection of Social Media, Public Opinion, and Scope of Aurat March in Pakistan/ _cAima Raza, |
||
| 264 |
_aIslamabad; _bS3H NUST; _c2024. |
||
| 300 |
_a124,p; _bill; _c30,cm. |
||
| 650 |
_aMS-Development Studies _9123041 |
||
| 700 |
_aSupervisor: Dr. Rabia Zaid _9125684 |
||
| 856 | _uhttp://10.250.8.41:8080/xmlui/handle/123456789/47009 | ||
| 942 |
_2ddc _cSC |
||
| 999 |
_c611968 _d611968 |
||